000 00803nam a2200265 i 4500
001 141323
003 ES-MaACL
005 20230906200253.0
007 t|
008 070921s1973 sp ||||0| spa d
020 _a84-7092-072-3
040 _aM-BN
_bspa
_cM-BN
080 _a615.825.5
100 1 _aWillard, Helen S.
_9116880
240 1 0 _aOccupational therapy.
_lEspañol
245 1 0 _aTerapéutica ocupacional /
_cHelen S. Willard y Claire S. Spackman ; versión española por A. Jornet Cases.
250 _a1ª ed.
260 _aBarcelona :
_bJIMS,
_c1973.
300 _aXV, 540 p. ;
_c23 cm.
650 1 4 _aTerapia ocupacional.
_917484
700 1 _aSpackman, Clare S.
_9107616
700 1 _aJornet Cases, A.
_966960
852 _aES-MaACL
_jC-51294
_bR.85323
999 _c141323
_d141323